The Legend of Korra : (Record no. 767)

MARC details
000 -LEADER
fixed length control field 02732cam a22005898i 4500
005 - DATE AND TIME OF LATEST TRANSACTION
control field 20260322212033.0
008 - FIXED-LENGTH DATA ELEMENTS--GENERAL INFORMATION
fixed length control field data
010 ## - LIBRARY OF CONGRESS CONTROL NUMBER
LC control number 2017015317
020 ## - INTERNATIONAL STANDARD BOOK NUMBER
International Standard Book Number 9781506700151
Qualifying information (part one : paperback)
020 ## - INTERNATIONAL STANDARD BOOK NUMBER
International Standard Book Number 1506700152
Qualifying information (part one : paperback)
020 ## - INTERNATIONAL STANDARD BOOK NUMBER
International Standard Book Number 9781506700403
Qualifying information (part two)
020 ## - INTERNATIONAL STANDARD BOOK NUMBER
International Standard Book Number 1506700403
Qualifying information (part two)
040 ## - CATALOGING SOURCE
Original cataloging agency DLC
Language of cataloging eng
Description conventions rda
Transcribing agency DLC
Modifying agency OCL
-- YDX
-- BDX
-- BTCTA
-- OCLCF
-- IOU
-- OCLCO
-- ON8
-- OCLCO
-- IFK
-- OCL
042 ## - AUTHENTICATION CODE
Authentication code pcc
050 00 - LIBRARY OF CONGRESS CALL NUMBER
Classification number PN6728.L434
Item number D56 2017
082 00 - DEWEY DECIMAL CLASSIFICATION NUMBER
Classification number 741.5/973
Edition information 23
099 ## - LOCAL FREE-TEXT CALL NUMBER (OCLC)
Classification number KONIEB
001 - CONTROL NUMBER
control field data
100 1# - MAIN ENTRY--PERSONAL NAME
Personal name Konietzko, Bryan
245 14 - TITLE STATEMENT
Title The Legend of Korra :
Remainder of title turf wars /
Statement of responsibility, etc. Bryan Konietzko ... [et al.].
246 30 - VARYING FORM OF TITLE
Title proper/short title Turf wars
250 ## - EDITION STATEMENT
Edition statement First edition.
264 #1 - PRODUCTION, PUBLICATION, DISTRIBUTION, MANUFACTURE, AND COPYRIGHT NOTICE
Place of production, publication, distribution, manufacture Milwaukie, OR :
Name of producer, publisher, distributor, manufacturer Dark Horse Books,
Date of production, publication, distribution, manufacture, or copyright notice 2017-
300 ## - PHYSICAL DESCRIPTION
Extent volumes :
Other physical details color illustrations ;
Dimensions 23 cm
336 ## - CONTENT TYPE
Content type term text
Content type code txt
Source rdacontent
336 ## - CONTENT TYPE
Content type term still image
Source rdacontent
337 ## - MEDIA TYPE
Media type term unmediated
Media type code n
Source rdamedia
338 ## - CARRIER TYPE
Carrier type term volume
Carrier type code nc
Source rdacarrier
500 ## - GENERAL NOTE
General note Description based on volume 1.
508 ## - CREATION/PRODUCTION CREDITS NOTE
Creation/production credits note Part one: colors by Vivian Ng ; lettering by Nate Piekos of Blambot ; cover by Heather Campbell with Jane Bak.
520 ## - SUMMARY, ETC.
Summary, etc. "Relishing their newfound feelings for each other, Korra and Asami leave the Spirit World, but find nothing in Republic City but political hijinks and human vs. spirit conflict. A pompous developer plans to turn the new spirit portal into an amusement park, potentially severing an already tumultuous connection with the spirits. What's more, the triads have realigned and are in a brutal all-out brawl at the city's borders--where hundreds of evacuees have relocated! In order to get through it all, Korra and Asami vow to look out for each other--but first, they've got to get better at being a team and a couple!"--Provided by publisher.
650 #0 - SUBJECT ADDED ENTRY--TOPICAL TERM
Topical term or geographic name entry element Spirits
Form subdivision Comic books, strips, etc.
650 #0 - SUBJECT ADDED ENTRY--TOPICAL TERM
Topical term or geographic name entry element Real estate developers
Form subdivision Comic books, strips, etc.
650 #0 - SUBJECT ADDED ENTRY--TOPICAL TERM
Topical term or geographic name entry element Evacuation of civilians
Form subdivision Comic books, strips, etc.
650 #0 - SUBJECT ADDED ENTRY--TOPICAL TERM
Topical term or geographic name entry element Comic books, strips, etc.
Geographic subdivision United States.
655 #7 - INDEX TERM--GENRE/FORM
Genre/form data or focus term Comic books, strips, etc.
Source of term fast
655 #7 - INDEX TERM--GENRE/FORM
Genre/form data or focus term Comics (Graphic works)
Source of term lcgft
655 #7 - INDEX TERM--GENRE/FORM
Genre/form data or focus term Fantasy comics.
Source of term lcgft
655 #7 - INDEX TERM--GENRE/FORM
Genre/form data or focus term Comics (Graphic works)
Source of term fast
655 #7 - INDEX TERM--GENRE/FORM
Genre/form data or focus term Graphic novels.
Source of term lcgft
655 #7 - INDEX TERM--GENRE/FORM
Genre/form data or focus term Science fiction comics.
Source of term lcgft
655 #7 - INDEX TERM--GENRE/FORM
Genre/form data or focus term Fantasy comics.
Source of term fast
655 #7 - INDEX TERM--GENRE/FORM
Genre/form data or focus term Fiction.
Source of term lcgft
655 #7 - INDEX TERM--GENRE/FORM
Genre/form data or focus term Graphic novels.
Source of term fast
655 #7 - INDEX TERM--GENRE/FORM
Genre/form data or focus term Science fiction comics.
Source of term fast
700 1# - ADDED ENTRY--PERSONAL NAME
Personal name DiMartino, Michael Dante,
Relator term author.
700 1# - ADDED ENTRY--PERSONAL NAME
Personal name Koh, Irene
Titles and other words associated with a name (Comic book artist),
Relator term artist.
700 1# - ADDED ENTRY--PERSONAL NAME
Personal name Ng, Killian,
Relator term colorist.
700 1# - ADDED ENTRY--PERSONAL NAME
Personal name Piekos, Nate,
Relator term letterer.
730 0# - ADDED ENTRY--UNIFORM TITLE
Uniform title Legend of Korra (Television program)
Holdings
Withdrawn status Lost status Damaged status Not for loan Home library Current library Shelving location Date acquired Total checkouts Full call number Barcode Date last seen Price effective from Koha item type
        Centerville Centerville General stacks 22/03/2026   741.5/973 23 BC0010787 22/03/2026 22/03/2026 Books